| 000 | 00820nam a22001937a 4500 | ||
|---|---|---|---|
| 005 | 20250808113143.0 | ||
| 010 | _aB-773145-155 BACEN25 | ||
| 020 |
_a9789357434744 _c460.00 |
||
| 035 | _aB-773145-155 | ||
| 037 | _bBookwell Publication | ||
| 082 |
_a181.499 _21 |
||
| 100 |
_aBijlani, Ramesh _983968 |
||
| 245 |
_aSRI AUROBINDO: _cby Ramesh Bijlani _bThe Diary Divine Daily Dose Of Timeless Wisdom/ |
||
| 260 |
_aNew Delhi _bNational Book Trust, India _c2024 |
||
| 270 |
_aNehru Bhawan, 5 Institutional Area, Phase-II Vasant Kunj _bNew Delhi _e110070 |
||
| 300 |
_a379p. _c22cm(pb) |
||
| 942 |
_2ddc _cEN _mBIJ _h181.499 _e1 |
||
| 999 |
_c209517 _d209517 |
||